| 000 | 00872nam a2200241Ia 4500 | ||
|---|---|---|---|
| 999 |
_c4003 _d4003 |
||
| 003 | OSt | ||
| 005 | 20200330122509.0 | ||
| 008 | 191128t2012 ck a ar 000 1 spa d | ||
| 020 | _a9788426382634 | ||
| 040 |
_aCO-JMCR _cCO-JMCR |
||
| 041 | _aspa | ||
| 082 | 0 | 4 |
_aA / _bJADc |
| 100 |
_aJadoul, Émile, _eautora _91988 |
||
| 245 | 0 | 0 |
_aCuchi, cuchi / _cÉmile Jadoul |
| 260 |
_a[Bogotá] : _bEdelvives, _c©2012 |
||
| 300 |
_a[14] páginas sin numerar : _b ilustraciones a color ; _c15 cm. |
||
| 440 |
_aTexturas _91989 |
||
| 500 | _aRecomenado de 0 a 2 años. | ||
| 520 | _aUna divertida colección de libros de preguntas y descubrimiento para fomentar la atención y la curiosidad de los niños en torno a momentos de su vida diaria, los animales y los personajes de cuentos tradicionales. | ||
| 546 | _aspa | ||
| 650 | 1 | 4 |
_aÁlbum infantil _91990 |
| 942 |
_2ddc _cBK |
||